000 00904nam a2200241 a 4500
001 000013432
003 DO-SdBNP
005 20240927073747.0
008 091124t1975 dr a r 010 0dspa d
040 _aDO-SdBNP
_bspa
_cBNPHU
082 _aF-RD 3
100 1 _a Balaguer, Joaquín,
_d1906-2002
_976556
245 1 0 _aDiscurso pronunciado por el Presidente Constitucional de la República Joaquín Balaguer, en el develizamiento de la estatua de José Martí, apóstol de la libertad de Cuba /
_cJoaquín Balaguer.
246 1 6 _aMartí
260 _aSanto Domingo :
_bNivar,
_c1975.
300 _a32 p. :
_bil. ;
_c22 cm.
590 _aInventariado, 2018/BT
600 1 0 _aMartí, José,
_d1853-1895
_930690
650 1 4 _aDiscursos presidenciales
_910061
651 1 4 _aCuba
_xHistoria
_y1810-1899
_xEnsayos, conferencias, etc.
_930691
910 _aValidado. Control de calidad. EMS
942 _2ddc
_cLF1
999 _c13058
_d13058